[Event "WCh"]
[Site "Elista RUS"]
[Date "2006.10.10"]
[Round "11"]
[White "Topalov, Veselin"]
[Black "Kramnik, Vladimir"]
[Result "1/2-1/2"]
[WhiteElo "2801"]
[BlackElo "2750"]
[Annotator "Rahal, M"]
[PlyCount "131"]
[EventDate "2006.09.23"]
[EventType "match"]
[EventRounds "12"]
[Source "EDAMI"]
[SourceDate "2006.12.20"]

{Dada la situación del match con un 5-5 en el marcado y dos partidas por jugar,
esta partida era muy importante para Topalov ya que era su última opción con
las piezas blancas para intentar a desequilibrar el marcador.} 1. d4 d5 2. c4
c6 3. Nf3 Nf6 4. e3 Bf5 5. Nc3 e6 6. Nh4 Bg6 7. Nxg6 hxg6 {Kramnik sorprendente
mente repite la misma variante que en la partida nueve, en donde perdió
claramente. Parece lógico pensar que sus analistas habían hecho un buen
trabajo de correción de errores.} 8. Rb1 {Esta jugada es una novedad. Topalov
prepara el cierre con c4-c5 y su apoyo con b2-b4, pero ya no tiene la opción
de enrocarse largo. En la novena partida que ganó Topalov brilliantemente, se
jugó 8.a3. A pesar de todo, Kramnik conoce muy bien estas posiciones con las
piezas blancas, como demuestran las siguientes partidas, en que juega 8.g3,
como en la partida doce.} (8. g3 Nbd7 9. Bg2 (9. Bd2 Be7 10. b3 O-O 11. Bg2
dxc4 12. bxc4 e5 13. Qb3 Rb8 14. Rd1 Qc7 15. O-O Rfd8 16. Bc1 Nf8 17. Bb2 exd4
18. exd4 Ne6 19. d5 Nc5 20. Qc2 Bd6 21. Ba3 Rbc8 22. dxc6 bxc6 23. Ne2 Ne6 24.
Bxd6 Rxd6 25. Rxd6 Qxd6 26. Rd1 Qe5 {
1/2-1/2 Kramnik,V-Gelfand,B/Monte Carlo 2005/CBM 105 ext}) 9... dxc4 10. Qe2
Be7 (10... Nb6 11. O-O Be7 12. Rd1 Nfd5 13. e4 Nb4 14. Be3 O-O 15. a3 Na6 16.
d5 exd5 17. exd5 Qe8 18. Bxb6 axb6 19. Re1 Bf6 20. Qxc4 b5 21. Rxe8 bxc4 22.
Rxa8 Rxa8 23. dxc6 bxc6 24. Bf1 Nc5 25. Bxc4 Na4 26. Ne4 Bxb2 27. Rb1 Nc3 28.
Nxc3 Bxc3 29. Rb7 Rxa3 30. Rxf7 Kh7 31. Rc7 Bf6 32. Rxc6 g5 33. Kg2 Kg6 34. Bd5
Kf5 35. f3 Ke5 36. Be6 Rd3 37. Bc8 Rd2+ 38. Kh3 Kd4 39. Kg4 Rxh2 {
1/2-1/2 Kramnik,V-Anand,V/Frankfurt 2000/CBM 078}) 11. O-O O-O 12. Rd1 Qc7 13.
Qxc4 e5 14. b4 Nb6 15. Qb3 exd4 16. exd4 Qd7 17. b5 Nbd5 18. Nxd5 Nxd5 19. bxc6
bxc6 20. Bd2 Bf6 21. Rac1 Rac8 22. Ba5 Rfe8 23. Qd3 Bd8 24. Bd2 Bf6 25. Rc2 Ne7
26. Bb4 Nd5 27. Ba5 Bd8 28. Bd2 Bf6 29. Rdc1 Ne7 30. Rc4 Red8 31. Be3 Nd5 32.
Bf3 Qe6 33. Kg2 Nxe3+ 34. Qxe3 Qd6 35. d5 c5 36. Rxc5 Rxc5 37. Qxc5 Qxc5 38.
Rxc5 Be5 39. a4 Kf8 40. Ra5 Bd4 41. Rb5 Ke7 42. Rb4 Bc5 43. Rc4 Kd6 44. h4 Rb8
45. Rf4 Ke7 46. Re4+ Kd6 47. Rf4 Ke7 {
1/2-1/2 Kramnik,V-Gelfand,B/Monte Carlo 2003/CBM 093 ext}) 8... Nbd7 9. c5 a5 {
Controlando el flanco de dama, antes de romper en e5 para buscar contrajuego.
Además, las negras podrán usar la columna "a" para buscar contrajuego.} 10. a3
{Es necesario apoyar b2-b4 para que las negras no puedan tener un juego fácil
tras por ejemplo 10.f4 b6!?} e5 {Ante 11.f4.} 11. b4 axb4 12. axb4 Qc7 13. f4
$5 {Al igual que en la novena partida, Topalov quiere controlar todo el
tablero con el avance de sus peones.} exf4 {La jugada más sólida. Kramnik
evita la preparación casera de Topalov en variantes como 13...Nh5!? con ideas
de ...Ng3.} 14. exf4 Be7 15. Be2 {#Una típica posición de este match cuando
Topalov juega con blancas: el búlgaro tiene los dos alfiles y más espacio,
mientras que Kramnik tiene un posición solida, algo más de desarrollo y
opciones de contrajuego.} Nf8 16. O-O Ne6 17. g3 Qd7 $1 {Importante jugada que
prepara ...Ne4, que es la manera de neutralizar el avance b4-b5 que sin duda
jugarán las blancas si les dejan. Las negras no se enrocan aún ya que la
columna-h podría ser útil en caso de que la dama negra llegara alguna vez a h3.
} 18. Qd3 ({Por ejemplo} 18. b5 $2 Nxc5 $1 19. dxc5 Bxc5+ 20. Kh1 Qh3 {
y las negras ganan.}) 18... Ne4 $1 {Esta simplificación conduce a una posición
donde las blancas tienen una ligera ventaja pero sin damas, lo que sin duda
agrada más a Kramnik, que maniobra muy bien en finales con piezas menores.} 19.
Nxe4 dxe4 20. Qxe4 Qxd4+ 21. Qxd4 Nxd4 22. Bc4 O-O {#Las blancas tienen una
ligera ventaja debido al fuerte alfil blanco que apunta a casillas sensibles,
pero el caballo centralizado combinado con la columna "a" es una excelente
compensación. Además, existe el riesgo de que Topalov intente ganar a toda
costa, y se "pase de listo".} 23. Kg2 Ra4 {El GM americano Gata Kamsky comentó
en ICC que si las blancas conseguían cambiar las dos torres estarían mucho
mejor, pero que había el peligro de que uno de los dos forzara demasiado.} 24.
Rd1 Rd8 ({No sirve} 24... Bxc5 $2 25. Be3 Ne6 26. Bb3 $1 Rxb4 27. Bxc5 Nxc5 28.
Bxf7+ Rxf7 29. Rxb4 {y las blancas están mucho mejor.}) 25. Be3 Bf6 ({
Una opción muy interesante era} 25... Nc2 $5 26. Rxd8+ Bxd8 27. Bf2 Nxb4 (27...
Rxb4 $2 28. Bb3 $18) 28. Rd1 Bf6 29. Rd7 Nd5 30. Bxd5 cxd5 31. Rxb7 Rc4 {
con buenas opciones de tablas}) 26. g4 $5 {Una jugada de doble filo, ya que
debilita la estructura, sobretodo el peón de f4.} Kf8 ({Parece que Kramnik
siente que Topalov está arriesgando, y prefiere mantener la tensión ya que no
se entiende de otra manera que no jugara} 26... Ra3 $1 27. Bxd4 (27. Bf2 Rc3
$11) 27... Bxd4 28. Bb3 Raa8 29. Rd3 Bf6 {con fácil igualdad}) 27. Bf2 (27. g5
Nf5 $1 28. Rxd8+ Bxd8 29. Bf2 Bc7 $11) 27... Ne6 28. Rxd8+ Bxd8 {# Esta posició
n es bastante crítica. Las blancas pueden tomar en e6, o bien jugar la sólida
Be3, pero se deciden por otra jugada debilitadora, de ataque eso sí, pero en
los finales hay que jugar con más precaución.} 29. f5 $2 ({No da nada} 29. Bxe6
fxe6 30. h4 Bc7 31. Kf3 Ke7 32. Be3 e5 33. fxe5 Bxe5 {y las blancas no tienen
opciones de ganar con su torre en b1 atado a la defensa del peón.}) ({
Pero era interesante} 29. Be3 $5 Bc7 30. Kf3 {manteniendo la tensión y no vale}
Ra3 (30... Ke7 $14) 31. Rb3 $1 Rxb3 32. Bxb3 Bxf4 33. Bxf4 Nd4+ 34. Ke4 Nxb3
35. Kd3 {ya que el caballo no tiene salida.}) 29... gxf5 30. gxf5 Nf4+ 31. Kf3
Nh5 $11 {Las negras ya han igualado. El caballo se dirige a f6, el alfil a e5,
las blancas tienen las piezas descoordinadas.} 32. Rb3 Bc7 33. h4 Nf6 34. Bd3
Nd7 {#Las negras ya están algo mejor. La clave de la posición es el peón de f5:
si no estuviera, el alfil iría a esa casilla para penetrar a c8. Es el clásico
ejemplo donde un peón mal colocado estorba la eficacia de una pieza. De hecho,
una muchas variantes la idea f5-f6 entregando un peón para doblar los dos
negros y jugar Bf5 viene a la cabeza.} 35. Be4 Ne5+ 36. Kg2 Ra2 {
Las blancas deben defender con mucho cuidado ahora para aguantar la partida.}
37. Bb1 Rd2 38. Kf1 Ng4 39. Bg1 ({Pierde} 39. Bg3 $2 Bxg3 40. Rxg3 Ne5 $17)
39... Bh2 40. Ke1 ({No vale} 40. Bxh2 Rxh2 41. Kg1 Rxh4 42. b5 Ne5 $17) {#}
40... Rd5 $6 {Cometando la partida en ICC observé que quizás esta jugada
perdía la ventaja, pero en la tranquilidad de casa se aprecia que la
recomendación 40...Rg2 no era tan fuerte como parecía.} (40... Rg2 41. Bd4 (41.
Be3 $2 Nxe3 42. Rxe3 Rg1+) (41. Bxh2 Rxh2 $17) 41... Be5 42. Bxe5 Nxe5 43. f6
$1 gxf6 44. Bf5 Rh2 45. Rh3 $1 Rxh3 46. Bxh3 Nd3+ 47. Kd2 Nxb4 48. Bc8 Na6 49.
Bxb7 Nxc5 50. Bxc6 {y las tablas es el resultado más probable. La jugada de
Kramnik ofrece alguna opción más de ganar.}) 41. Bf2 Ke7 42. h5 Nxf2 43. Kxf2 {
Las negras pueden ganar un peón en la mayoría de las variantes pero al
liquidarse el flanco de dama con b4-b5 las opciones de victoria son mínimas.}
Kf6 44. Kf3 Rd4 45. b5 {#La partida es tablas, y Topalov sólo necesita una
mínima precisión para aguantar la posición. En vista de que no había mucho más
que comentar, el GM inglés Nigel Short le llamó la atención al GM Gata Kamsky
en directo en ICC, delante de todos los socios, de la acusación de trampas que
Gata y su padre le hicieron en el match de 1994. !Se produjo una pelea en
directo! Finalmente las negras ganarán un peón en el flanco de rey, pero será
imposible imponer esta ventaja.} Rc4 46. bxc6 bxc6 47. Rb6 Rxc5 48. Be4 Kg5 49.
Rxc6 Ra5 50. Rb6 Ra3+ 51. Kg2 Bc7 52. Rb7 Rc3 53. Kf2 Kxh5 54. Bd5 f6 55. Ke2
Kg4 56. Be4 Kf4 57. Bd3 Rc5 58. Rb4+ Kg3 59. Rc4 Re5+ 60. Re4 Ra5 61. Re3+ Kg2
62. Be4+ Kh2 63. Rb3 Ra2+ 64. Kd3 Bf4 65. Kc4 Re2 66. Kd5 1/2-1/2

[Event "WCh"]
[Site "Elista RUS"]
[Date "2006.10.12"]
[Round "12"]
[White "Kramnik, Vladimir"]
[Black "Topalov, Veselin"]
[Result "1/2-1/2"]
[WhiteElo "2743"]
[BlackElo "2813"]
[Annotator "Rahal, M"]
[PlyCount "94"]
[EventDate "2006.09.23"]
[EventType "match"]
[EventRounds "12"]
[Source "EDAMI"]
[SourceDate "2006.12.20"]

{Empatados oficialmente a cinco puntos y medio, y con blancas en la última
partida, era previsible que Kramnik intentara aprovechar su quinta partida con
las piezas blancas - Topalov ha jugado seis - para no tener que jugarse  el
título en las semirrápidas.} 1. d4 d5 2. c4 c6 3. Nf3 Nf6 {Desde luego, este
ha sido el match de la Eslava, con alguna Catalana ocasional. Es curioso que
ha sido el único match para el cetro mundial de toda la historia que ha tenido
1.d4 como primera jugada en todas las partidas.  En Botvinnik - Petrosian 1963
y Alekhine - Euwe 1937 tampoco se jugó 1.e4 pero sí alguna Apertura Inglesa y
Reti. Queda claro ante el aficionado que la Najdorf de Topalov, y la Petroff
de Kramnik, son dos defensas inexpugnables para cada uno de ellos.} 4. e3 Bf5
5. Nc3 e6 6. Nh4 Bg6 7. Nxg6 hxg6 {No deja de ser sorprendente que Topalov
utilice con negras la misma variante escogida por Kramnik. Su solidez ha
quedado patente en este match.} 8. g3 {En los comentarios de la partida once
figuran algunas referencias de partidas de Kramnik con esta jugada y por tanto
no las repetiremos aquí. En todo caso mencionar que el fianchetto es una
opción más sólida que el juego por el flanco de dama.} Nbd7 9. Bd2 ({
Debe considerarse} 9. a3 {que evita la siguiente jugada.}) 9... Bb4 $1 {
#Novedad, y buena jugada posicional. Con el centro cerrado a Topalov no le
importa ceder la pareja de alfiles para conseguir el control de la casilla e4.}
({La presencia de Paco Vallejo en el equipo de analistas de Topalov sin duda
se dejó entrever en esta jugada, en vista de la partida de referencia más
cercana en el tiempo.} 9... Be7 10. Rc1 a6 11. Bg2 Nb6 12. b3 dxc4 13. Ne2 cxb3
14. Qxb3 a5 15. Nf4 Bb4 16. Bxb4 axb4 17. Qxb4 Rxa2 18. O-O Ra4 19. Qb3 Ra7 20.
Ra1 Rxa1 21. Rxa1 O-O 22. Rb1 Nfd7 23. Nd3 Qc7 24. h4 Rb8 25. Qb4 Nd5 26. Bxd5
cxd5 {1/2-1/2 Topalov,V-Vallejo Pons,F}) 10. Qb3 Bxc3 11. Bxc3 Ne4 12. Bg2 Nxc3
13. Qxc3 f5 {Los peones negros hacen de barrera al alfil de casilla blancas. A
Kramnik le gusta decir que en el Muro de Piedra el alfil "malo" de c8 no es
mucho peor que el alfil "bueno" de g2.} ({Peor sería ceder el centro con} 13...
dxc4 14. Qxc4 Qa5+ 15. Qc3 $14) 14. O-O Qe7 15. cxd5 {Probablemente esta
posición se puede tratar de otras maneras pero Kramnik siempre ha sido
partidario de posiciones claras. El cambio de peones prepara un ataque de
minorias en el flanco de dama.} exd5 16. b4 Nf6 17. Rfc1 Ne4 18. Qb2 {
# Normalmente en el ataque de la minorías el negro juega 18...a6 para obligar
a 19.a4 y tras b5 quedarse sólo con una debilidad en c6 en vez de dos (a7 y c6)
. A cambio, el negro busca un juego de piezas activo en el flanco de rey, pero
en esta posición no tienen apenas piezas allí y por ello quizás quiere
conservar la torre de a8, que seguramente se cambiaría en caso de intercalar
a6/a4.} O-O 19. b5 Rac8 20. bxc6 bxc6 21. Qe2 $1 {Una buena jugada de
coordinación multiuso. Prepara un posible Qa6, libera la columna "b" para las
torres, y sobretodo retrasa el contrajuego negro con ...g5 y ...f4 debido al
cambio de exf4 seguido de f3 clavando el caballo a las dama en e7.} g5 22. Rab1
Qd7 ({Hay que vigilar en estas posiciones los golpes tácticos relaciones con
el alfil en g2 sobre el peón en e5, por ejemplo} 22... Nd6 23. Rxc6 Rxc6 24.
Bxd5+ {ganando.}) 23. Rc2 Rf6 24. Rbc1 ({
La infiltración por el flanco de dama queda cubierta con la defensa negra.} 24.
Qa6 g4 25. Rb7 Rc7 26. Rcb2 Nd6 {y las negras se defienden.}) 24... g4 $1 {
#Esta jugada asegura la posición del caballo (ya no hay un f3 en condiciones)
y prepara ...Rh6 y ...Qh5. Las negras aguantan la única debilidad del flanco
de dama, y ahora las blancas tienen que demostrar sus intenciones antes de
recibir mate por el flanco de rey.} 25. Rb2 {Tal como fue la partida puede que
hubiera sido mejor 25.Rb1. No parece importante ahora, pero luego se verá el
motivo.} Rh6 26. Qa6 {El juego toma ahora un carácter forzado, y es previsible
que ambos jugadores hubieran analizado con detalle todas las complicaciones y
subvariantes a partir de aquí.} Rc7 ({Es mala} 26... c5 $2 27. Rb7 $1 Rxa6 (
27... Rc7 28. Rxc7 Qxc7 29. Qb5 $18) 28. Rxd7 Rxa2 29. Rxd5 $18) 27. Rb8+ Kh7
28. Qa3 {Amenazando Qf8 pero las negras se defienden.} Rb7 29. Qf8 (29. Ra8 $5)
29... Rxb8 30. Qxb8 Qf7 31. Qc8 Qh5 32. Kf1 Nd2+ {Este jaque no sería posible
si en la jugada 25 las blancas hubieran jugado Rb1 en vez de Rb2, pero está
claro que podría haber otras variantes en su lugar.} 33. Ke1 Nc4 {Tapando la
lumna-c. Las negras llegan a tiempo de defenderse de las amenazas sobre c6 y
f5.} 34. Bf1 Rf6 {Hay que defender f5 antes de entrar en h2.} 35. Bxc4 dxc4 36.
Rxc4 Qxh2 37. Ke2 ({Evidentemente no vale} 37. Rxc6 $4 Qh1+ 38. Ke2 Qxc6) 37...
Qh1 38. Rc5 Qb1 $1 {Buena jugada "envolvente" de dama. Este término se lo
escuché por primera vez al GM malagueño Manuel Rivas una vez que le vi hacer
una jugada larga Qh8-a8. Se trata de jugadas siempre difíciles, ya que no dan
jaque pero quitan casillas a las piezas enemigas.} 39. Qa6 {Defendiendo el
peón de a2 y presto para regresar a la defensa. Ambos jugadores ya han
calculado a estas alturas el final de la partida aunque en ICC aún se
especulaba con la victoria de Topalov.} Qb2+ 40. Kf1 Qb1+ 41. Ke2 Qb2+ 42. Kf1
Rh6 {Topalov intenta ganar, pero no hay posibilidades reales.} 43. Qd3 g6 ({
Serían tablas} 43... Qa1+ 44. Ke2 Qxa2+ 45. Qc2 $1 Qxc2+ 46. Rxc2 Rf6 47. Ra2
Rf7 48. Ra6 Rc7 49. Kd3 {
y las blancas hacen tablas fácilmente jugando e4 y luego presionando g4.}) ({
No funciona} 43... Rh1+ 44. Kg2 Qa1 45. Qxf5+ {y ganan blancas}) 44. Qb3 Rh1+
45. Kg2 Rh2+ 46. Kxh2 Qxf2+ 47. Kh1 Qf1+ {Una manera espectacular de terminar
el match. El título se decide en las semirrápidas.} 1/2-1/2

[Event "WCC Playoffs"]
[Site "Elista RUS"]
[Date "2006.10.13"]
[Round "1"]
[White "Topalov, Veselin"]
[Black "Kramnik, Vladimir"]
[Result "1/2-1/2"]
[WhiteElo "2813"]
[BlackElo "2743"]
[Annotator "Moskalenko, V"]
[PlyCount "93"]
[EventDate "2006.10.13"]
[EventType "match (rapid)"]
[EventRounds "4"]
[EventCountry "RUS"]
[Source "EDAMI"]
[SourceDate "2006.12.20"]

1. d4 d5 2. c4 c6 3. Nf3 Nf6 {
La defensa Eslava fue utilizada en las cuatro partidas del tiebreak.} 4. Nc3
dxc4 5. a4 Bf5 6. e3 e6 7. Bxc4 Bb4 8. O-O Nbd7 9. Qe2 O-O 10. e4 Bg6 11. Bd3
Bh5 12. e5 Nd5 13. Nxd5 cxd5 14. Qe3 Re8 {Diagrama #} 15. Ne1 $6 ({
La jugada más activa era} 15. Ng5 $5) ({o bién} 15. Bd2 $5) 15... Rc8 $146 16.
f4 Bxe1 17. Rxe1 Bg6 18. Bf1 Rc2 {
Después de solucionar problemas de apertura Kramnik lucha por la iniciativa.} (
18... Nb8 $5 {Una maniobra típica en las aperturas como esta. El caballo en c6
estaría perfecto, atacando a los puntos de d4 y b4.}) 19. b3 Qa5 20. Bb5 Rd8 ({
Era interesante} 20... Be4 $5 {si} 21. Bxd7 Rxg2+ 22. Kf1 Rxh2 {y parece tablas
}) 21. Re2 $1 {Veselin se impone a su manera de la lucha, intentando sacar
algo en cualquer momento...} Rcc8 22. Bd2 Qb6 23. Rf2 ({Puede que más natural} 
23. Ree1 $5) 23... a6 24. Bf1 Rc6 25. b4 Rc2 26. b5 a5 27. Bc3 Rxf2 28. Qxf2
Qa7 29. Qd2 Ra8 30. Rc1 Nb6 31. Bb2 $5 {Las blancas sacrifican un peón, para
prevenir la idea esencial de negras...Rc8, seguiendo con...Nc4.} ({Si} 31. Qd1
Rc8 {con contrajuego}) 31... Nxa4 32. Ba3 h6 33. h3 Be4 34. Kh2 Nb6 35. Bc5 a4
$1 36. Ra1 Nc4 $1 {
Diagrama # Un disparo táctico, para activar el caballo y desembarazarse.} 37.
Bxc4 b6 38. Qe3 Rc8 $1 39. Bf1 bxc5 40. dxc5 Qxc5 41. Qxc5 Rxc5 42. b6 $6 {
En partidas rapidas esta jugada sivre como la mejor opción!} ({
Quizas más seguro} 42. Rxa4 Rc1 43. Be2 $11) 42... Rc6 {Esto conduce a una
liquidación total. Kramnik no arriesga a continuar para ganar y los recursos
pronto se agotan.} ({Era más ambisioso activarse con} 42... Rc2 $5 43. Rxa4 (
43. Rb1 Rc8 $1 $17) 43... Rb2 44. Ra8+ (44. Ra6 $2 Kh7 {
y blancas tienen problemas.}) 44... Kh7 45. Rb8 Kg6 {
con ligera iniciativa de negras}) 43. b7 Rb6 44. Ba6 $1 d4 45. Rxa4 Bxb7 46.
Bxb7 Rxb7 47. Rxd4 $11 1/2-1/2

[Event "WCC Playoffs"]
[Site "Elista RUS"]
[Date "2006.10.13"]
[Round "2"]
[White "Kramnik, Vladimir"]
[Black "Topalov, Veselin"]
[Result "1-0"]
[WhiteElo "2743"]
[BlackElo "2813"]
[Annotator "Moskalenko, V"]
[PlyCount "89"]
[EventDate "2006.10.13"]
[EventType "match (rapid)"]
[EventRounds "4"]
[EventCountry "RUS"]
[Source "EDAMI"]
[SourceDate "2006.12.20"]

{Una muy buena partida de Kramnik. Sin luchar demasiado por alguna ventaja en
apertura, Vladimir obtuvo por un final sencillo. Por su parte Veselin en vez
de concentrarse a la defensa técnica siempre buscaba continuaciones agresivas,
pero también arriesgadas...} 1. d4 d5 2. c4 c6 3. Nf3 Nf6 4. Nc3 e6 5. e3 Nbd7
6. Qc2 {Variantes anti-Merano son populares en todos los tiempos. Pues,
siempre ofrece un juego solido.} Bd6 7. b3 O-O 8. Be2 b6 9. O-O Bb7 10. Bb2 Re8
11. Rad1 Qe7 12. Rfe1 Rac8 {Diagrama #} 13. Bd3 $146 {
Esperando que hace rival...} ({La opción agresiva era} 13. e4 $5 dxe4 14. Nxe4
Ba3 15. Nxf6+ Nxf6 16. Bxa3 Qxa3 17. c5 Ba6 18. Bxa6 Qxa6 19. Ne5 b5 20. Re3
Qb7 21. Rh3 Qe7 22. b4 Red8 23. a4 a6 24. axb5 axb5 25. Ra3 Qb7 26. Rda1 Ra8
27. Qa2 Rxa3 28. Qxa3 Nd5 29. h4 h6 30. g3 Ne7 31. Qa7 Rb8 32. Qxb7 Rxb7 33.
Ra8+ Kh7 34. Nxf7 g6 35. Nd8 {
1-0 Hansen,L (2560)-Schneider,I (2384)/Philadelphia USA 2006}) 13... e5 $5 {
El rival no espera tanto!} (13... c5 $5) 14. e4 {Ahora es obligatorio.} dxc4
15. Bxc4 b5 16. Bf1 (16. Bd3 $5) 16... g6 {
Con la idea de defender el punto f5 contra posible entrada del caballo.} 17.
Qd2 $5 {
Las blancas encuentran jugadas faciles para mantener una ligera presión.} (17.
Nb1 $5) 17... Rcd8 18. Qg5 $1 a6 19. h3 exd4 20. Nxd4 Qe5 21. Qxe5 Nxe5 22. Nc2
$1 {Es lo que buscaba Kramnik, una situación tranquila.} g5 $5 {Evita f4} 23.
Bc1 $1 h6 24. Be3 c5 25. f3 Bf8 (25... Ng6 $5) 26. Bf2 $1 {Los alfiles buscan
un lugar perfecto. Pero las blancas también preparan Nc2-e3-d5 o f5...} Bc8 27.
Ne3 Be6 {
La posición esta equilibrada, sin embargo hay que mostrar un juego muy fino.}
28. Ned5 Bxd5 (28... Nxd5) 29. exd5 Ned7 $2 ({Era necesario} 29... c4 $5 {
o primero 29...Bd6. Aunque blancas estan un poco mejor tras} 30. Bd4 $5 $14)
30. Rxe8 $1 {En este momento todos estuvimos en el portal de ICC observando
con emoción el juego de dos gigantes. He comentado que blancas amenazan con un
rompeo clásico, es la jugada a4! lo cual será decisivo...} Rxe8 31. a4 $1 {
Diagrama #} b4 $2 {Me extrañó que durante este match Topalov no jugo bien las
posiciones inferiores, aunque tampoco obtuvo muchas. Quizás tenia una cierta
apatía de un juego defensivo.} ({La única defensa posible era} 31... c4 32.
bxc4 bxc4 33. Bd4 {y blancas mejor}) 32. Ne4 $1 Nxe4 33. fxe4 $18 {Las negras
ncapaz de organizar el bloqueo, la posición queda totalmente perdida.} Nf6 34.
d6 Nxe4 35. d7 Rd8 36. Bxa6 f5 37. a5 Bg7 38. Bc4+ Kf8 39. a6 Nxf2 40. Kxf2
Bd4+ 41. Rxd4 cxd4 42. a7 Ke7 43. Bd5 Kxd7 44. a8=Q Rxa8 45. Bxa8 {Resumiendo
l juego, en la segunda y la cuarta partidas del playoff Kramnik, otra ves nos
mostró brillantemente una famosa opinión: que es también mejor jugador del
mundo que juega ajedrez sin damas en el tablero.} 1-0